000 00324pam a2200133a 44500
008 230405s1986 xxu||||| |||| 00| 0 eng d
041 _aENG
100 _aJacob Millman
245 _aMicroelectronics
260 _a
_bMcgraw Hill Book company
_c1986
300 _a425p.
690 _aSR.COLLEGE REGULAR GRANT
906 _a56
999 _c291399
_d291399